Vigila amb el sol, solet!
Descripción Física:
1 díptic; il. col. ; 10 x 21 cm
Idioma:
Catalán
MARC
| LEADER | 00000nam a22000007a 4500 | ||
|---|---|---|---|
| 001 | 28852 | ||
| 003 | AGDB | ||
| 005 | 20260324181531.0 | ||
| 008 | 211129b spa||||| |||| 00| 0 cat d | ||
| 017 | |a B 15486-2024 | ||
| 040 | |a agdb |d cat | ||
| 245 | |a Vigila amb el sol, solet! | ||
| 260 | |a Barcelona : |b Diputació de Barcelona. Servei de Salut Pública ; |c 2024 | ||
| 300 | |a 1 díptic; |b il. col. ; |c 10 x 21 cm | ||
| 500 | |a Díptic amb 10 recomanacions per protegir del sol als infants. | ||
| 650 | 0 | |a Salut pública |9 37111 | |
| 650 | 0 | |9 52427 |a Temperatures altes |x Aspectes sanitaris | |
| 650 | 0 | |9 52426 |a Pell |x Protecció | |
| 655 | 0 | |a Fulletons |9 55858 | |
| 710 | |a Barcelona (Catalunya : Província). |b Servei de Salut Pública |9 52202 | ||
| 710 | |a Barcelona (Catalunya : Província). |b Àrea de Comerç, Consum i Salut Pública |9 71966 | ||
| 942 | |2 udc |c ARXIU |n 1 | ||
| 952 | |0 0 |1 0 |4 0 |6 FU7871 |7 1 |9 98067 |a Arxiu |b Arxiu |d 2025-05-12 |l 0 |o FU-78-71 |p 28852 |r 2025-05-12 00:00:00 |w 2025-05-12 |y ARXIU | ||
| 999 | |c 129850 |d 129850 | ||